000 00820nam a2200253Ia 4500
003 OSt
005 20260123152155.0
008 210716s2010 xx 000 0 und d
020 _a9788120325784
040 _cAIMIT LIBRARY
041 _aeng
082 _a174.962
_21
_bGOVM
100 _aGovindarajan, M.
_9252434
245 _aEngineering ethics :
_bincludes human values /
_cBy M Govindarajan , S Natarajan and V S Senthilkumar.
250 _a1st ed.
260 _aNew Delhi :
_bPHI Learning Pvt Ltd ,
_c2010.
300 _axxii,181p. ;
_bPB
_c24.6 cm
650 _aUnderstanding ethics
_9252435
650 _aMoral reasoning and ethical theories
_9252436
650 _aGlobal issues
_9252437
700 _aNatarajan, S.
_9252438
700 _aSenthikumar, V S.
_9252439
942 _2ddc
_cBK
_e1st
_k174.962 GOVM
999 _c191403
_d191403